The encyclopedia of political thought

Bibliographic Details
Main Author: Sheldon , Garrett Ward
Format: Book
Published: New Delhi : Viva book private limited , 2005
Series:Viva - facts on file
Subjects:

MARC

LEADER 00000cam a2200000 7i4500
001 0000017251
005 20080514.0
008 080514
020 |a 817649996x 
090 0 0 |a 320.033   |b SHE 
100 1 |a Sheldon , Garrett Ward 
245 1 4 |a The encyclopedia of political thought   |c Garrett Ward Sheldon 
260 |a New Delhi :   |b Viva book private limited ,   |c 2005 
440 |a Viva - facts on file 
650 0 |a Political science   |x Encyclopedias 
650 0 |a Political science   |x History   |x Encyclopedias 
999 |a 0001011872   |b Book   |c REFERENCE   |e Perbadanan Perpustakaan Awam Johor 
999 |a 0001143089   |b Book   |c REFERENCE   |e Cawangan Taman Sri Lambak